í Forme el equipo ! / Steve Smith (Registro nro. 14601)
[ vista simple ]
| 000 -LÍDER | |
|---|---|
| fixed length control field | 00454nam a2200157 4500 |
| 008 - ELEMENTOS DE LONGITUD FIJA -- INFORMACIÓN GENERAL | |
| fixed length control field | 0 1997 0x 000 0MEX |
| 020 ## - NÚMERO INTERNACIONAL NORMALIZADO PARA LIBROS | |
| ISBN | 968-5015-10-4 |
| 050 ## - SIGNATURA TOPOGRAFICA DE LA BIBLIOTECA DEL CONGRESO (LC) | |
| Número de Clasificación | HF5549 5 G73 S57 2000 |
| 082 ## - NUMERO DE CLASIFICACION DECIMAL DEWEY | |
| Número de Clasificación | 658.312 5 S659f |
| 100 ## - ASIENTO PRINCIPAL--NOMBRE PERSONAL | |
| Nombre personal | Smith, Steve |
| 245 ## - TÍTULO | |
| Título | í Forme el equipo ! / Steve Smith |
| 260 ## - PUBLICACIÓN, DISTRIBUCIÓN, ETC. (PIE DE IMPRENTA) | |
| Lugar de publicación, distribución, etc. | México : Granica |
| 300 ## - DESCRIPCIÓN FÍSICA | |
| Extensión | 129 p. / 21 cm. |
| 650 ## - ASIENTO SECUNDARIO DE MATERIA - TERMINO TEMÁTICO | |
| Término temático o nombre geográfico como elemento de entrada | 1.EQUIPOS EN EL LUGAR DE TRABAJO |
| 700 ## - ASIENTO SECUNDARIO - NOMBRE PERSONAL | |
| Nombre personal | Evelia Solórzano, Rosa, Tr. |
| No. biblioteca | No. biblioteca | Número de clasificación | Código de barras/Número de adquisición | Número de copia | Tipo de material |
|---|---|---|---|---|---|
| LUIS G. INCLAN | LUIS G. INCLAN | 658.312 5 S659f | 36907 | 1 | Libros |
